Представление документа в формате MARC21

ПолеНазваниеЗначение
  Тип записи a
  Библиографический уровень m
001 Контрольный номер RU/URAIT/582962
005 Дата корректировки 20260429163701.1
008 Кодируемые данные 260429s2026 RU y f j 000 0 rus u
020 Индекс ISBN __
a ISBN 978-5-534-01588-1
c Цена, тираж 2639.00
040 Источник каталогиз. __
a Служба первич. каталог. ИКО Юрайт
c Служба, преобразующая запись ИКО Юрайт
e Правила каталог. RCR
041 Код языка издания __
a Код языка текста rus
044 Код страны публикации __
a Код страны публикации RU
080 Индекс УДК __
a Индекс УДК 338(075.8)
084 Индекс другой классификации/Индекс ББК __
2 Источник индекса rubbk
a Индекс другой классификации/Индекс ББК 65.290я73
100 Автор __
a Автор Данько Т. П.
q Полное имя Данько Тамара Петровна
245 Заглавие __
a Заглавие Управление маркетингом
b Продолж. заглавия учебник и практикум для вузов
c Ответственность Т. П. Данько.
250 Сведения об издании __
g пер. и доп
a Основные сведения об издании 4-е изд.
256 Характеристики компьютерного файла __
a Характеристики компьютерного файла Электрон. дан.
260 Выходные данные __
a Место издания Москва
b Издательство Юрайт
c Дата издания 2026
300 Физическое описание __
a Объем 521 с
440 Серия __
a Серия Высшее образование
500 Примечания __
a Примечание URL: https://urait.ru/bcode/582962 (дата обращения: 29.04.2026).
520 Аннотация __
a Аннотация В данном издании, которое по праву можно назвать учебником XXI века, рассматриваются философско-методологические основания управления маркетингом, новые тенденции и новые подходы к использованию приемов и технологий управления маркетингом при решении практических бизнес-задач. Особое внимание уделено изучению проблем управления маркетингом с точки зрения акционерной стоимости компании, кластеров, маркетинга регионов. Учебник охватывает большой круг вопросов по практическому использованию маркетинговых стратегий в конкурентном позиционировании компании и сопровождается большим иллюстративным материалом и кейсами, что позволит читателю быстрее ориентироваться в той или иной ситуации. Книга будет интересна студентам и аспирантам, преподавателям, а также менеджерам высшего звена, бизнес-аналитикам, слушателям программ МВА по стратегическому менеджменту и маркетингу.
538 Прим. о системных особенностях __
a Прим. о системных особенностях Режим доступа: Электронно-библиотечная система Юрайт, для авториз. пользователей
653 Ключевые слова __
a Ключевые слова Управленческая деятельность
653 Ключевые слова __
a Ключевые слова Менеджмент
653 Ключевые слова __
a Ключевые слова Управление маркетингом
653 Ключевые слова __
a Ключевые слова Менеджмент и маркетинг
653 Ключевые слова __
a Ключевые слова Организация и управление маркетингом
653 Ключевые слова __
a Ключевые слова Основы менеджмента и маркетинга
653 Ключевые слова __
a Ключевые слова Маркетинг-менеджмент
653 Ключевые слова __
a Ключевые слова Основы маркетинга и менеджмента
653 Ключевые слова __
a Ключевые слова Управление маркетингом банковских продуктов и услуг
653 Ключевые слова __
a Ключевые слова Маркетинг и менеджмент
653 Ключевые слова __
a Ключевые слова Маркетинговое управление
653 Ключевые слова __
a Ключевые слова Менеджмент, маркетинг
653 Ключевые слова __
a Ключевые слова Управление маркетингом проекта
653 Ключевые слова __
a Ключевые слова Стратегическое управление маркетингом и логистикой организации
653 Ключевые слова __
a Ключевые слова Управление маркетингом общественного сектора
653 Ключевые слова __
a Ключевые слова Анализ и управление маркетингом
653 Ключевые слова __
a Ключевые слова Управление маркетингом в международной среде
653 Ключевые слова __
a Ключевые слова Управление маркетингом и продажами
653 Ключевые слова __
a Ключевые слова Управление маркетингом на предприятии АПК
653 Ключевые слова __
a Ключевые слова Управление маркетингом в АПК
653 Ключевые слова __
a Ключевые слова Управление маркетингом: проектное обучение
653 Ключевые слова __
a Ключевые слова Организация и управление маркетингом в социально-культурной сфере
653 Ключевые слова __
a Ключевые слова Управление маркетингом и технологии продаж
653 Ключевые слова __
a Ключевые слова Управление маркетингом в международных компаниях
653 Ключевые слова __
a Ключевые слова Управление маркетингом наукоемких производств
653 Ключевые слова __
a Ключевые слова Управление маркетингом на иностранном языке
653 Ключевые слова __
a Ключевые слова Управление маркетингом в строительном комплексе
856 Электронный адрес документа 40
n Местонахождение сервера Юрайт
g Электронная книга
q Тип электронного формата html
h Имя пользователя ЮРАЙТ
v Часы доступа к ресурсу 20271231
2 Способ доступа Показать документ
x Служебное примечание https://urait.ru/book/cover/D1097910-B718-408E-939A-A98A84F27A1D
u URL https://urait.ru/bcode/582962
856 Электронный адрес документа 48
q Тип электронного формата cover
u URL https://urait.ru/book/cover/D1097910-B718-408E-939A-A98A84F27A1D
911 __
u 0030=https://urait.ru/bcode/582962
911 __
u 073a=9785534015881
u 073d=2639.00
911 __
u 106a=s
911 __
u 900l=
952 Тип литературы __
i Дисциплина Управление маркетингом
952 Тип литературы __
i Дисциплина Менеджмент и маркетинг
952 Тип литературы __
i Дисциплина Организация и управление маркетингом
952 Тип литературы __
i Дисциплина Основы менеджмента и маркетинга
952 Тип литературы __
i Дисциплина Маркетинг-менеджмент
952 Тип литературы __
i Дисциплина Основы маркетинга и менеджмента
952 Тип литературы __
i Дисциплина Управление маркетингом банковских продуктов и услуг
952 Тип литературы __
i Дисциплина Маркетинг и менеджмент
952 Тип литературы __
i Дисциплина Маркетинговое управление
952 Тип литературы __
i Дисциплина Менеджмент, маркетинг
952 Тип литературы __
i Дисциплина Управление маркетингом проекта
952 Тип литературы __
i Дисциплина Стратегическое управление маркетингом и логистикой организации
952 Тип литературы __
i Дисциплина Управление маркетингом общественного сектора
952 Тип литературы __
i Дисциплина Анализ и управление маркетингом
952 Тип литературы __
i Дисциплина Управление маркетингом в международной среде
952 Тип литературы __
i Дисциплина Управление маркетингом и продажами
952 Тип литературы __
i Дисциплина Управление маркетингом на предприятии АПК
952 Тип литературы __
i Дисциплина Управление маркетингом в АПК
952 Тип литературы __
i Дисциплина Управление маркетингом: проектное обучение
952 Тип литературы __
i Дисциплина Организация и управление маркетингом в социально-культурной сфере
952 Тип литературы __
i Дисциплина Управление маркетингом и технологии продаж
952 Тип литературы __
i Дисциплина Управление маркетингом в международных компаниях
952 Тип литературы __
i Дисциплина Управление маркетингом наукоемких производств
952 Тип литературы __
i Дисциплина Управление маркетингом на иностранном языке
952 Тип литературы __
i Дисциплина Управление маркетингом в строительном комплексе